000 00706cab a2200229 4500
001 WB3336-14
008 090401t1997 xxu||||| |||| 00| 0 eng d
035 _a(Sirsi) u80979
041 _aeng
245 _aRed tape strangles lottery landmarks
260 _c1997
350 _a0
490 _aBuilding
_v262(8007) 19 September 1997, 9(1)
520 _aClients running millennium projects are concerned that red tape is hampering their progress and adding to the cost of the lottery schemes.
650 _aDELAYS
650 _aLOTTERY FUNDING
650 _aMILLENNIUM PROJECTS
650 _aRED TAPE
690 _aPROPERTY-PROPERTY FINANCE AND INVESTMENT
942 _n0
948 _c19/09/1997
999 _c51015
_d51015